Déficits de solidaridad en la política de pensiones en Europa (Registro nro. 34564)
[ vista simple ]
| 000 -CABECERA | |
|---|---|
| Longitud fija campo de control | 01160naa a2200289 c 4500 |
| 001 - NÚMERO DE CONTROL | |
| Número de control | 34564 |
| 003 - IDENTIFICADOR DE NÚMERO DE CONTROL | |
| Identificador del número de control | ES-MaCES |
| 005 - FECHA Y HORA DE LA ÚLTIMA TRANSACCIÓN | |
| Fecha y hora de la última transacción | 20150929135546.0 |
| 008 - CAMPO FIJO DE DESCRIPCIÓN FIJA--INFORMACIÓN GENERAL | |
| Códigos de información de longitud fija | 050117n2004 sp t 000 | spa d |
| 035 ## - NÚMERO DE CONTROL DEL SISTEMA | |
| Número de control del sistema | CES20050000358v |
| 040 ## - FUENTE DE CATALOGACIÓN | |
| Centro catalogador de origen | ES-MaCES |
| Lengua de catalogación | spa |
| Centro transcriptor | ES-MaCES |
| 100 1# - ENCABEZAMIENTO PRINCIPAL--NOMBRE PERSONAL | |
| Nombre de persona | Colás Neila, Eusebi |
| 9 (RLIN) | 9782 |
| 245 10 - MENCIÓN DE TÍTULO | |
| Título | Déficits de solidaridad en la política de pensiones en Europa |
| Resto del título | : pensiones complementarias y la "reforma riester" en Alemania |
| Mención de responsabilidad, etc. | Eusebi Colás Neila, Josep Fargas Fernández y Nuria Pumar Beltrán |
| 650 #4 - ASIENTO SECUNDARIO DE MATERIA--TÉRMINO DE MATERIA | |
| Término de materia o nombre geográfico como elemento inicial | Alemania |
| 9 (RLIN) | 26944 |
| 650 #4 - ASIENTO SECUNDARIO DE MATERIA--TÉRMINO DE MATERIA | |
| Término de materia o nombre geográfico como elemento inicial | política social |
| 9 (RLIN) | 27029 |
| 650 #4 - ASIENTO SECUNDARIO DE MATERIA--TÉRMINO DE MATERIA | |
| Término de materia o nombre geográfico como elemento inicial | reforma administrativa |
| 9 (RLIN) | 27223 |
| 650 #4 - ASIENTO SECUNDARIO DE MATERIA--TÉRMINO DE MATERIA | |
| Término de materia o nombre geográfico como elemento inicial | discriminación por razones de sexo |
| 9 (RLIN) | 29521 |
| 650 #4 - ASIENTO SECUNDARIO DE MATERIA--TÉRMINO DE MATERIA | |
| Término de materia o nombre geográfico como elemento inicial | protección complementaria |
| 9 (RLIN) | 30466 |
| 653 10 - TÉRMINO DE INDEXACIÓN--NO CONTROLADO | |
| Término no controlado | Derecho del trabajo y Seguridad Social |
| 650 #4 - ASIENTO SECUNDARIO DE MATERIA--TÉRMINO DE MATERIA | |
| 9 (RLIN) | 26752 |
| Término de materia o nombre geográfico como elemento inicial | UE |
| 700 1# - ENCABEZAMIENTO SECUNDARIO--NOMBRE PERSONAL | |
| Nombre de persona | Pumar Beltrán, Nuria |
| 9 (RLIN) | 21508 |
| 700 1# - ENCABEZAMIENTO SECUNDARIO--NOMBRE PERSONAL | |
| Nombre de persona | Fargas Fernández, Josep |
| 9 (RLIN) | 11612 |
| 773 0# - ENTRADA DE DOCUMENTO FUENTE | |
| Título | Revista de derecho social |
| Parte(s) relacionada(s) | n. 27 (jul.- sept. 2004){10693 R. 059147}; p. 211-230 |
| Número de control del registro relacionado | (ES-MaCES)25695 |
| Itemnumber del ítem fuente | 68708 |
| 902 ## - CES. TIPO DE DOCUMENTO | |
| Tipodoc (006$c Sirtex) | ART Artículo de revista |
| 942 ## - ELEMENTOS KOHA | |
| Fuente de clasificaión o esquema | Clasificación propia del CES |
| Koha [por defecto] tipo de item | Artículos (1982-2017) |
| Parte de clasificación | 6.0.1. |
No hay ítems disponibles.
